[Event "Krefeld op"]
[Site "Krefeld"]
[Date "2022.08.07"]
[Round "6"]
[White "Uhl, Benjamin"]
[Black "Hoekstra, Peter"]
[Result "1/2-1/2"]
[WhiteElo "2061"]
[BlackElo "2042"]
[PlyCount "61"]
[EventDate "2022.08.04"]
[EventType "swiss"]
[EventRounds "9"]
[EventCountry "GER"]
[SourceTitle "CBM 209 Extra"]
[Source "ChessBase"]
[SourceDate "2022.09.30"]
[SourceVersion "1"]
[SourceVersionDate "2022.09.30"]
[SourceQuality "1"]

1. e4 e6 2. d4 d5 3. e5 c5 4. c3 Nc6 5. Nf3 Nh6 6. Bd3 Nf5 7. 0-0 cxd4 8. Bxf5 exf5 9. Nxd4 Be6 10. Qd3 Qd7 11. Re1 h6 12. Nd2 Nxd4 13. Qxd4 Qb5 14. a4 Qb6 15. Qd3 a6 16. Nf3 Rc8 17. a5 Qb3 18. Nd2 Qb5 19. Qxb5+ axb5 20. Nf3 b4 21. Bd2 bxc3 22. bxc3 Bc5 23. Reb1 Rc7 24. Nd4 0-0 25. Nb5 Rc6 26. Nd6 Bxd6 27. exd6 Rxd6 28. Rxb7 Ra8 29. Be3 Rc6 30. Bd4 f4 31. f3 1/2-1/2

[Event "Krefeld op"]
[Site "Krefeld"]
[Date "2022.08.06"]
[Round "5"]
[White "Gulatz, Maurice"]
[Black "Uhl, Benjamin"]
[Result "1/2-1/2"]
[WhiteElo "2213"]
[BlackElo "2061"]
[PlyCount "36"]
[EventDate "2022.08.04"]
[EventType "swiss"]
[EventRounds "9"]
[EventCountry "GER"]
[SourceTitle "CBM 209 Extra"]
[Source "ChessBase"]
[SourceDate "2022.09.30"]
[SourceVersion "1"]
[SourceVersionDate "2022.09.30"]
[SourceQuality "1"]

1. d4 Nf6 2. c4 e6 3. Nf3 d5 4. g3 dxc4 5. Bg2 c5 6. 0-0 Nc6 7. dxc5 Qxd1 8. Rxd1 Bxc5 9. Nbd2 c3 10. bxc3 0-0 11. Nb3 Be7 12. Nfd4 Nxd4 13. cxd4 Nd5 14. Bb2 f5 15. Rac1 b6 16. Nd2 Bb7 17. Nc4 Rfc8 18. Ne5 Bd6 1/2-1/2

[Event "Krefeld op"]
[Site "Krefeld"]
[Date "2022.08.06"]
[Round "4"]
[White "Uhl, Benjamin"]
[Black "Panjer, Sidney"]
[Result "1/2-1/2"]
[WhiteElo "2061"]
[BlackElo "2140"]
[PlyCount "30"]
[EventDate "2022.08.04"]
[EventType "swiss"]
[EventRounds "9"]
[EventCountry "GER"]
[SourceTitle "CBM 209 Extra"]
[Source "ChessBase"]
[SourceDate "2022.09.30"]
[SourceVersion "1"]
[SourceVersionDate "2022.09.30"]
[SourceQuality "1"]

1. e4 e5 2. Nf3 Nc6 3. Bc4 Bc5 4. b4 Bxb4 5. c3 Be7 6. d4 Na5 7. Bd3 d6 8. dxe5 dxe5 9. Nxe5 Nf6 10. 0-0 0-0 11. Qc2 c6 12. Nd2 Qc7 13. f4 Be6 14. Ndf3 Rad8 15. c4 Nd7 1/2-1/2

[Event "SVR-ch MAT-II 36th"]
[Site "Idar Oberstein"]
[Date "2013.03.28"]
[Round "4"]
[White "Uhl, Benjamin"]
[Black "Becker, Wilhelm"]
[Result "1/2-1/2"]
[WhiteElo "2140"]
[BlackElo "1987"]
[PlyCount "59"]
[EventDate "2013.03.23"]
[EventType "tourn"]
[EventRounds "7"]
[EventCountry "GER"]
[SourceTitle "EXT 2014"]
[Source "ChessBase"]
[SourceDate "2013.11.20"]
[SourceVersion "1"]
[SourceVersionDate "2013.11.20"]
[SourceQuality "1"]

1. e4 e6 2. d4 d5 3. Nc3 Bb4 4. e5 c5 5. Bd2 Ne7 6. Nb5 Bxd2+ 7. Qxd2 0-0 8. f4 Qb6 9. 0-0-0 Bd7 10. dxc5 Qxc5 11. Nd4 a6 12. Ngf3 Bb5 13. g4 Nbc6 14. h4 Bxf1 15. Rdxf1 Nxd4 16. Nxd4 Nc6 17. Nxc6 Qxc6 18. h5 f6 19. h6 fxe5 20. hxg7 Rf7 21. fxe5 Rxg7 22. Qf4 Rc8 23. Rf2 Qc4 24. Qf6 Qxg4 25. Rh6 Re8 26. a3 Qg5+ 27. Kb1 Qxf6 28. Rfxf6 Rg5 29. Rxe6 Rxe5 30. Rd6 1/2-1/2

[Event "SVR-ch MAT-II 36th"]
[Site "Idar Oberstein"]
[Date "2013.03.23"]
[Round "2"]
[White "Uhl, Benjamin"]
[Black "Sidon, Mike"]
[Result "1/2-1/2"]
[WhiteElo "2140"]
[BlackElo "2005"]
[PlyCount "40"]
[EventDate "2013.03.23"]
[EventType "tourn"]
[EventRounds "7"]
[EventCountry "GER"]
[SourceTitle "EXT 2014"]
[Source "ChessBase"]
[SourceDate "2013.11.20"]
[SourceVersion "1"]
[SourceVersionDate "2013.11.20"]
[SourceQuality "1"]

1. e4 e6 2. d4 d5 3. Nc3 Nf6 4. Bg5 Be7 5. e5 Nfd7 6. Bxe7 Qxe7 7. f4 0-0 8. Nf3 c5 9. Qd2 Nc6 10. dxc5 Nxc5 11. Bd3 a6 12. 0-0 f6 13. exf6 Qxf6 14. g3 Bd7 15. Rae1 Rac8 16. a3 Be8 17. Ne5 Nxd3 18. cxd3 Bh5 19. Nxc6 Rxc6 20. Re5 Bg4 1/2-1/2

[Event "Wiesbaden op 24th"]
[Site "Wiesbaden"]
[Date "2012.08.26"]
[Round "7"]
[White "Stiefel, Roland"]
[Black "Uhl, Benjamin"]
[Result "1/2-1/2"]
[WhiteElo "2059"]
[BlackElo "2137"]
[PlyCount "25"]
[EventDate "2012.08.23"]
[EventType "swiss"]
[EventRounds "7"]
[EventCountry "GER"]
[SourceTitle "CBM 150 Extra"]
[Source "ChessBase"]
[SourceDate "2012.10.19"]
[SourceVersion "1"]
[SourceVersionDate "2012.10.19"]
[SourceQuality "1"]

1. d4 Nf6 2. Bf4 c5 3. d5 d6 4. Nf3 g6 5. c4 Bg7 6. Nc3 0-0 7. e4 b5 8. cxb5 a6 9. bxa6 Qa5 10. Nd2 Bxa6 11. Bxa6 Qxa6 12. Qe2 Qxe2+ 13. Kxe2 1/2-1/2

[Event "Wiesbaden op 24th"]
[Site "Wiesbaden"]
[Date "2012.08.24"]
[Round "2"]
[White "Uhl, Benjamin"]
[Black "Wagner, Stefan1111"]
[Result "1-0"]
[WhiteElo "2137"]
[BlackElo "1955"]
[PlyCount "120"]
[EventDate "2012.08.23"]
[EventType "swiss"]
[EventRounds "7"]
[EventCountry "GER"]
[SourceTitle "CBM 150 Extra"]
[Source "ChessBase"]
[SourceDate "2012.10.19"]
[SourceVersion "1"]
[SourceVersionDate "2012.10.19"]
[SourceQuality "1"]

1. e4 e5 2. Nf3 Nc6 3. Bc4 Nf6 4. Ng5 d5 5. exd5 Na5 6. Bb5+ c6 7. dxc6 bxc6 8. Bd3 Bd6 9. Nc3 Bg4 10. f3 Bh5 11. Nge4 Bc7 12. Qe2 0-0 13. Nxf6+ Qxf6 14. Ne4 Qh4+ 15. Qf2 Qe7 16. Ng3 e4 17. Nf5 Qd7 18. Bxe4 Rfe8 19. 0-0 Bb6 20. d4 Bg6 21. g4 Bxf5 22. Bxf5 Qxd4 23. Qxd4 Bxd4+ 24. Kh1 Nc4 25. c3 Ne3 26. Bxe3 Bxe3 27. Bd7 Red8 28. Bxc6 Rab8 29. Rad1 Rdc8 30. Rd3 Bf4 31. Rfd1 g6 32. Bd7 Rc7 33. b3 Kg7 34. c4 Rb6 35. Rd5 Ra6 36. a4 Rb6 37. Rb5 Rd6 38. Rxd6 Bxd6 39. Rd5 Bb4 40. Kg2 Rc5 41. Rxc5 Bxc5 42. f4 h6 43. Kf3 Kf6 44. Ke4 Ke7 45. Bc8 g5 46. fxg5 hxg5 47. Kd5 Bg1 48. b4 Kd8 49. Bf5 Kc7 50. c5 Be3 51. a5 Bd2 52. Kc4 Be1 53. Be4 Bd2 54. Kb3 Be1 55. Ka4 Bf2 56. Kb5 Be1 57. a6 f6 58. Kc4 Bd2 59. b5 Be1 60. b6+ axb6 1-0

[Event "Rheinland Pfalz op 4th"]
[Site "Altenkirchen"]
[Date "2012.06.10"]
[Round "7"]
[White "Margenberg, Volker"]
[Black "Uhl, Benjamin"]
[Result "1/2-1/2"]
[WhiteElo "1901"]
[BlackElo "2147"]
[PlyCount "66"]
[EventDate "2012.06.07"]
[EventType "swiss"]
[EventRounds "7"]
[EventCountry "GER"]
[SourceTitle "CBM 148 Extra"]
[Source "ChessBase"]
[SourceDate "2012.06.22"]
[SourceVersion "1"]
[SourceVersionDate "2012.06.22"]
[SourceQuality "1"]

1. d4 Nf6 2. c4 g6 3. Nc3 Bg7 4. Nf3 0-0 5. e4 d6 6. Be2 e5 7. d5 a5 8. 0-0 Na6 9. Bg5 h6 10. Bh4 Nc5 11. Nd2 Qe8 12. f3 Nh5 13. Nb3 b6 14. Nxc5 bxc5 15. Qd2 Nf4 16. Bd1 Bd7 17. a4 g5 18. Be1 f5 19. Nb5 Qf7 20. Bc2 fxe4 21. Bxe4 g4 22. Bg3 gxf3 23. Rxf3 Bg4 24. Rf2 Qh5 25. Bxf4 exf4 26. Raf1 Rae8 27. Qd3 Re7 28. h3 Bf5 29. Bxf5 Qxf5 30. Qxf5 Rxf5 31. Rxf4 Rxf4 32. Rxf4 Bxb2 33. Kf2 Be5 1/2-1/2

[Event "Rheinland Pfalz op 4th"]
[Site "Altenkirchen"]
[Date "2012.06.09"]
[Round "5"]
[White "Uhl, Benjamin"]
[Black "Giesler, Stephan"]
[Result "0-1"]
[WhiteElo "2147"]
[BlackElo "1943"]
[PlyCount "76"]
[EventDate "2012.06.07"]
[EventType "swiss"]
[EventRounds "7"]
[EventCountry "GER"]
[SourceTitle "CBM 148 Extra"]
[Source "ChessBase"]
[SourceDate "2012.06.22"]
[SourceVersion "1"]
[SourceVersionDate "2012.06.22"]
[SourceQuality "1"]

1. e4 e6 2. d4 d5 3. e5 c5 4. c3 Nc6 5. Nf3 Qb6 6. a3 c4 7. Nbd2 Na5 8. Rb1 Qc7 9. Be2 Bd7 10. 0-0 Ne7 11. Qc2 Nc8 12. Ng5 Nb6 13. Ndf3 Ba4 14. Qd2 h6 15. Nh3 g5 16. Ne1 0-0-0 17. f4 f5 18. exf6 Qh7 19. b4 Nb3 20. Rxb3 cxb3 21. Bd3 Nc4 22. Qe2 Qc7 23. fxg5 hxg5 24. Bxg5 Bd6 25. Nf3 Rdg8 26. f7 Qxf7 27. Ne5 Qh5 28. Nxc4 dxc4 29. Qxe6+ Bd7 30. Qxc4+ Kb8 31. Qd5 Bxh3 32. Qxd6+ Ka8 33. Bg6 Qxg5 34. Qg3 Qxg6 35. Rf8+ Rxf8 36. Qxg6 Rhg8 37. Qd3 Rxg2+ 38. Kh1 Rg1+ 0-1

[Event "Rheinland Pfalz op 4th"]
[Site "Altenkirchen"]
[Date "2012.06.09"]
[Round "6"]
[White "Uhl, Benjamin"]
[Black "Raabe, Stefan"]
[Result "1-0"]
[WhiteElo "2147"]
[BlackElo "1775"]
[PlyCount "47"]
[EventDate "2012.06.07"]
[EventType "swiss"]
[EventRounds "7"]
[EventCountry "GER"]
[SourceTitle "CBM 148 Extra"]
[Source "ChessBase"]
[SourceDate "2012.06.22"]
[SourceVersion "1"]
[SourceVersionDate "2012.06.22"]
[SourceQuality "1"]

1. e4 d6 2. d4 f5 3. exf5 Bxf5 4. Bd3 Qd7 5. Nf3 Nf6 6. 0-0 g6 7. Re1 Bxd3 8. Qxd3 Nc6 9. Bd2 Bg7 10. d5 Nd8 11. c4 Nf7 12. Nc3 0-0 13. h3 Rae8 14. Nd4 Nd8 15. Ne6 Nxe6 16. Rxe6 Rf7 17. Rae1 Qd8 18. Qe3 b6 19. Nb5 Qb8 20. Nd4 Qb7 21. Nc6 Bf8 22. Bc3 Nd7 23. Qg5 Rf5 24. Rxg6+ 1-0

[Event "Rheinland Pfalz op 4th"]
[Site "Altenkirchen"]
[Date "2012.06.07"]
[Round "2"]
[White "Uhl, Benjamin"]
[Black "Hassler, Rolf"]
[Result "1/2-1/2"]
[WhiteElo "2147"]
[BlackElo "1889"]
[PlyCount "42"]
[EventDate "2012.06.07"]
[EventType "swiss"]
[EventRounds "7"]
[EventCountry "GER"]
[SourceTitle "CBM 148 Extra"]
[Source "ChessBase"]
[SourceDate "2012.06.22"]
[SourceVersion "1"]
[SourceVersionDate "2012.06.22"]
[SourceQuality "1"]

1. e4 e6 2. d4 d5 3. e5 c5 4. c3 Nc6 5. Nf3 Qb6 6. a3 c4 7. g3 Bd7 8. Bg2 Be7 9. 0-0 Na5 10. Nbd2 Nh6 11. Ne1 Nf5 12. Qe2 h5 13. Nc2 Nb3 14. Nxb3 cxb3 15. Ne1 Bb5 16. Nd3 0-0-0 17. Re1 g5 18. Bf1 g4 19. a4 Bc4 20. a5 Qc6 21. Qd1 h4 1/2-1/2

[Event "Rheinland Pfalz op 4th"]
[Site "Altenkirchen"]
[Date "2012.06.07"]
[Round "1"]
[White "Uhl, Patrick"]
[Black "Uhl, Benjamin"]
[Result "0-1"]
[WhiteElo "1621"]
[BlackElo "2147"]
[PlyCount "96"]
[EventDate "2012.06.07"]
[EventType "swiss"]
[EventRounds "7"]
[EventCountry "GER"]
[SourceTitle "CBM 148 Extra"]
[Source "ChessBase"]
[SourceDate "2012.06.22"]
[SourceVersion "1"]
[SourceVersionDate "2012.06.22"]
[SourceQuality "1"]

1. Nf3 Nf6 2. d4 g6 3. e3 Bg7 4. Bd3 0-0 5. 0-0 d6 6. c4 Nbd7 7. Nc3 e5 8. Qc2 Re8 9. Bd2 Qe7 10. dxe5 Nxe5 11. Nxe5 dxe5 12. e4 c6 13. Bg5 h6 14. Bxf6 Qxf6 15. b4 Qg5 16. Rae1 Bf8 17. b5 Bb4 18. Re3 Bc5 19. Rg3 Qf6 20. Qc1 Kg7 21. Kh1 Qf4 22. Qc2 Qf6 23. Qc1 Bd6 24. Ne2 Be6 25. f4 exf4 26. Nxf4 Bxf4 27. Rxf4 Qe5 28. Rh4 g5 29. Rf4 Rad8 30. Rf1 Rd7 31. Rgf3 Red8 32. Qc2 c5 33. h3 b6 34. a4 Rd4 35. Qe2 Rxd3 36. Rxd3 Bxc4 37. Qf3 Rxd3 38. Qg4 Rxh3+ 39. Qxh3 Bxf1 40. Qf3 Bc4 41. g4 Be6 42. Kg2 Qf4 43. Qc3+ f6 44. Qd3 Qxg4+ 45. Kf2 Qh4+ 46. Ke2 Qh2+ 47. Ke1 Qg1+ 48. Kd2 Qd4 0-1

[Event "SVR-ch MTB 35th"]
[Site "Nickenich"]
[Date "2012.04.05"]
[Round "6"]
[White "Uhl, Benjamin"]
[Black "Fink, Christian"]
[Result "1-0"]
[WhiteElo "2018"]
[BlackElo "2100"]
[PlyCount "79"]
[EventDate "2012.03.30"]
[EventType "tourn"]
[EventRounds "9"]
[EventCountry "GER"]
[SourceTitle "EXT 2013"]
[Source "ChessBase"]
[SourceDate "2012.11.22"]
[SourceVersion "1"]
[SourceVersionDate "2012.11.22"]
[SourceQuality "1"]

1. d4 d6 2. Nf3 c6 3. g3 Nd7 4. Bg2 e5 5. e4 Ngf6 6. 0-0 Be7 7. c4 0-0 8. Qc2 Qc7 9. b3 Re8 10. Bb2 Bf8 11. dxe5 dxe5 12. Nc3 Nc5 13. b4 Ne6 14. Ne2 Nd7 15. a3 b6 16. Rfd1 f6 17. Qb3 Kh8 18. Rd2 Bb7 19. Rad1 Rad8 20. Bh3 c5 21. Bxe6 Rxe6 22. Nc3 cxb4 23. axb4 Ree8 24. Nd5 Qc8 25. Nh4 Nb8 26. Nf5 Nc6 27. Nfe3 Re6 28. Bc3 Rde8 29. Qc2 g6 30. Ra1 Bg7 31. Qd1 Nd4 32. Rxa7 f5 33. exf5 gxf5 34. Rxd4 exd4 35. Bxd4 Rg6 36. Bxg7+ Rxg7 37. Qd4 Re4 38. Qf6 Qe6 39. Rxb7 Qxf6 40. Rb8+ 1-0

[Event "SVR-op 30th"]
[Site "Nickenich"]
[Date "2007.04.05"]
[Round "4"]
[White "Uhl, Benjamin"]
[Black "Konstantinovskij, Dimitrij"]
[Result "1-0"]
[WhiteElo "2191"]
[BlackElo "1620"]
[PlyCount "75"]
[EventDate "2007.03.31"]
[EventType "swiss"]
[EventRounds "7"]
[EventCountry "GER"]
[SourceTitle "EXT 2009"]
[Source "ChessBase"]
[SourceDate "2008.11.26"]
[SourceVersion "1"]
[SourceVersionDate "2008.11.26"]
[SourceQuality "1"]

1. d4 Nf6 2. Nf3 e6 3. e3 c5 4. c3 a6 5. Bd3 cxd4 6. exd4 Be7 7. 0-0 0-0 8. Nbd2 b6 9. Ne4 Bb7 10. Nxf6+ Bxf6 11. Re1 d6 12. Nd2 Nd7 13. Re3 g6 14. Ne4 Be7 15. Rh3 f5 16. Ng3 Nf6 17. Qe2 Qd7 18. Bg5 Nd5 19. Bh6 Rfe8 20. Re1 g5 21. Nh5 g4 22. Rg3 Bf8 23. Bxf8 Kxf8 24. Qd2 Re7 25. c4 Nc7 26. Qh6+ Rg7 27. Nxg7 Qxg7 28. Qxg7+ Kxg7 29. d5 Kf6 30. dxe6 Nxe6 31. Rge3 Re8 32. g3 d5 33. Re5 dxc4 34. Bxf5 Nd4 35. Rxe8 Nf3+ 36. Kf1 Nxe1 37. Kxe1 Kxf5 38. Rb8 1-0

[Event "Trier op"]
[Site "Trier"]
[Date "2002.07.29"]
[Round "1"]
[White "Uhl, Benjamin"]
[Black "Meijers, Viesturs"]
[Result "0-1"]
[WhiteElo "2188"]
[BlackElo "2475"]
[PlyCount "88"]
[EventDate "2002.07.27"]
[EventType "swiss"]
[EventRounds "9"]
[EventCountry "GER"]
[SourceTitle "CBM 089 Extra"]
[Source "ChessBase"]
[SourceDate "2002.09.10"]
[SourceVersion "2"]
[SourceVersionDate "2002.09.10"]
[SourceQuality "1"]

1. c4 e6 2. Nf3 Nf6 3. g3 d5 4. b3 b6 5. Bg2 Bb7 6. 0-0 Be7 7. Bb2 0-0 8. d4 dxc4 9. bxc4 c5 10. dxc5 Bxc5 11. Qxd8 Rxd8 12. Bxf6 gxf6 13. Nbd2 Nd7 14. Rfd1 Rac8 15. e3 f5 16. Rab1 Bc6 17. Nb3 Be7 18. Rbc1 Ba3 19. Rc2 Bb4 20. Rcc1 Be4 21. Nbd4 a6 22. Nd2 Bxg2 23. Kxg2 Ne5 24. N4f3 Nxc4 25. Nxc4 Rxd1 26. Rxd1 Rxc4 27. Rd8+ Kg7 28. Rd7 Rc2 29. Nd4 Rxa2 30. Nxe6+ Kf6 31. Nf4 Bc5 32. Rb7 a5 33. Kf3 a4 34. Nd5+ Kg7 35. Nxb6 a3 36. Nd7 Rb2 37. Nxc5 Rxb7 38. Nxb7 a2 39. Nd6 Kg6 40. Kf4 a1Q 41. Nxf5 Qg1 42. f3 Qxh2 43. e4 Kf6 44. Nh4 h5 0-1

[Event "SJRP-ch U18"]
[Site "Germany"]
[Date "2002.04.04"]
[Round "4"]
[White "Uhl, Benjamin"]
[Black "Zolotarev, Pavel"]
[Result "1/2-1/2"]
[WhiteElo "2010"]
[BlackElo "1974"]
[PlyCount "56"]
[EventDate "2002.04.02"]
[EventType "tourn"]
[EventRounds "7"]
[EventCountry "GER"]
[SourceTitle "EXT 2003"]
[Source "ChessBase"]
[SourceDate "2002.11.25"]
[SourceVersion "1"]
[SourceVersionDate "2002.11.25"]
[SourceQuality "1"]
[BlackTeam "Schwarzenbach"]
[BlackTeamCountry "GER"]

1. c4 e6 2. Nf3 d5 3. b3 Nf6 4. Bb2 Be7 5. g3 b6 6. Bg2 Bb7 7. 0-0 0-0 8. d4 Nbd7 9. Nc3 c5 10. cxd5 Nxd5 11. e3 Rc8 12. Rc1 Bf6 13. Ne4 Be7 14. dxc5 Nxc5 15. Qd4 f6 16. Nxc5 Bxc5 17. Qg4 Qe7 18. e4 Nb4 19. Rfd1 Rfd8 20. Bh3 Rc6 21. Bf1 Nxa2 22. Rxd8+ Qxd8 23. Ra1 Bxf2+ 24. Kxf2 Rc2+ 25. Kg1 Rxb2 26. Qxe6+ Kh8 27. Rd1 Qf8 28. Bc4 g6 1/2-1/2

[Event "SJRP-ch U18"]
[Site "Germany"]
[Date "2002.04.03"]
[Round "2"]
[White "Zayadeh, Raphael"]
[Black "Uhl, Benjamin"]
[Result "0-1"]
[WhiteElo "1776"]
[BlackElo "2010"]
[PlyCount "66"]
[EventDate "2002.04.02"]
[EventType "tourn"]
[EventRounds "7"]
[EventCountry "GER"]
[SourceTitle "EXT 2003"]
[Source "ChessBase"]
[SourceDate "2002.11.25"]
[SourceVersion "1"]
[SourceVersionDate "2002.11.25"]
[SourceQuality "1"]

1. d4 Nf6 2. c4 g6 3. Nc3 Bg7 4. e4 d6 5. Nf3 0-0 6. Be2 Nbd7 7. 0-0 e5 8. d5 Nc5 9. Nd2 a5 10. f3 a4 11. b4 axb3 12. Nxb3 Nxb3 13. Qxb3 Nh5 14. Rf2 f5 15. Bd2 f4 16. Nb5 Bf6 17. Bd3 Bh4 18. Rff1 Qg5 19. Be2 Bh3 20. g4 Bxf1 21. Kxf1 Rf7 22. gxh5 gxh5 23. Bd1 Rg7 24. Ke2 Qg1 25. Rc1 c6 26. dxc6 bxc6 27. Kd3 cxb5 28. cxb5+ Kh8 29. Qb4 Be7 30. Qc4 Qb6 31. Bb3 Rgg8 32. Qd5 Rgc8 33. Rc6 Qf2 0-1

[Event "SJRP-ch U18"]
[Site "Germany"]
[Date "2002.04.02"]
[Round "1"]
[White "Uhl, Benjamin"]
[Black "Schaal, Benedikt"]
[Result "1-0"]
[WhiteElo "2010"]
[BlackElo "1744"]
[PlyCount "57"]
[EventDate "2002.04.02"]
[EventType "tourn"]
[EventRounds "7"]
[EventCountry "GER"]
[SourceTitle "EXT 2003"]
[Source "ChessBase"]
[SourceDate "2002.11.25"]
[SourceVersion "1"]
[SourceVersionDate "2002.11.25"]
[SourceQuality "1"]

1. c4 e5 2. Nc3 Nc6 3. Nf3 Nf6 4. g3 Bb4 5. Bg2 d6 6. 0-0 0-0 7. d3 Bxc3 8. bxc3 Bd7 9. Rb1 Rb8 10. Re1 h6 11. Nd2 Bf5 12. Qa4 d5 13. cxd5 Nxd5 14. Bxd5 Qxd5 15. e4 Qxd3 16. Re3 Qd7 17. exf5 Qxf5 18. Qe4 Qe6 19. Qc4 Qg6 20. Ba3 Rfd8 21. Rb2 Kh8 22. Nf3 Re8 23. Rbe2 f6 24. Nh4 Qh5 25. Qe4 Red8 26. Ng6+ Kg8 27. g4 Qg5 28. h4 f5 29. Qc4+ 1-0

[Event "Heimbach Weis op"]
[Site "Heimbach Weis"]
[Date "2002.03.30"]
[Round "9"]
[White "Uhl, Benjamin"]
[Black "Czeratzki, Michael"]
[Result "1/2-1/2"]
[WhiteElo "2010"]
[BlackElo "2044"]
[PlyCount "130"]
[EventDate "2002.03.22"]
[EventType "swiss"]
[EventRounds "9"]
[EventCountry "GER"]
[SourceTitle "EXT 2007"]
[Source "ChessBase"]
[SourceDate "2006.11.23"]
[SourceVersion "1"]
[SourceVersionDate "2006.11.23"]
[SourceQuality "1"]

1. c4 e6 2. Nf3 d5 3. b3 Be7 4. Bb2 Bf6 5. d4 dxc4 6. e4 cxb3 7. Qxb3 c6 8. Nbd2 Nd7 9. Rd1 Qc7 10. Bd3 a6 11. 0-0 Nh6 12. Ba3 Qb6 13. Qc2 Be7 14. Nc4 Qc7 15. Bxe7 Kxe7 16. d5 Kf8 17. dxe6 fxe6 18. e5 g6 19. Qd2 Kg7 20. Nd6 Nb6 21. Qg5 Qd8 22. Rb1 Nd5 23. Qxd8 Rxd8 24. Nxc8 Rdxc8 25. Rxb7+ Rc7 26. Rfb1 Ra7 27. Rxa7 Rxa7 28. Nd4 Nf7 29. Nxe6+ Kh6 30. Be4 Re7 31. Bxd5 cxd5 32. Nc5 Rxe5 33. Nxa6 d4 34. Nb4 Rb5 35. Rb2 Rc5 36. Kf1 Ne5 37. Ke2 Rc3 38. Rb3 Rc4 39. f4 d3+ 40. Nxd3 Re4+ 41. Kd2 Nxd3 42. Kxd3 Rxf4 43. Kc3 Rh4 44. h3 Re4 45. Rb1 Re3+ 46. Kd4 Re2 47. Ra1 Rxg2 48. a4 Rc2 49. a5 Kg5 50. a6 Rc8 51. a7 Ra8 52. Kc5 Kh4 53. Kb6 Kxh3 54. Rh1+ Kg3 55. Rxh7 g5 56. Kb7 Rxa7+ 57. Kxa7 g4 58. Kb6 Kf3 59. Rf7+ Ke3 60. Rg7 Kf3 61. Kc5 g3 62. Kd4 g2 63. Kd3 Kf2 64. Rf7+ Kg3 65. Ke2 g1Q 1/2-1/2

[Event "Heimbach Weis op"]
[Site "Heimbach Weis"]
[Date "2002.03.26"]
[Round "5"]
[White "Schwab, Thomas"]
[Black "Uhl, Benjamin"]
[Result "1/2-1/2"]
[WhiteElo "2048"]
[BlackElo "2010"]
[PlyCount "91"]
[EventDate "2002.03.22"]
[EventType "swiss"]
[EventRounds "9"]
[EventCountry "GER"]
[SourceTitle "EXT 2007"]
[Source "ChessBase"]
[SourceDate "2006.11.23"]
[SourceVersion "1"]
[SourceVersionDate "2006.11.23"]
[SourceQuality "1"]

1. e4 c5 2. d4 cxd4 3. c3 Nc6 4. Nf3 d5 5. exd5 Qxd5 6. cxd4 Bg4 7. Nc3 Bxf3 8. gxf3 Qxd4 9. Qxd4 Nxd4 10. Nb5 Nc2+ 11. Kd1 Nxa1 12. Nc7+ Kd8 13. Nxa8 e5 14. Be3 b6 15. Kc1 Bd6 16. Kb1 Nf6 17. Kxa1 Ke7 18. Nxb6 axb6 19. Bxb6 Nd5 20. Be3 Nxe3 21. fxe3 Bc5 22. e4 Rd8 23. Ba6 Rd2 24. a4 Bd4 25. Rb1 Rxh2 26. Ka2 h5 27. Ka3 h4 28. b4 Rf2 29. Rf1 h3 30. Rxf2 Bxf2 31. Bf1 h2 32. Bg2 Kf6 33. Kb3 Kg5 34. Kc2 Kf4 35. Kd2 Kg3 36. Bh1 Bd4 37. Ke2 Bc3 38. b5 Ba5 39. Kf1 g6 40. Ke2 f5 41. exf5 gxf5 42. Kf1 Kf4 43. Ke2 e4 44. fxe4 fxe4 45. Bg2 Ke5 46. Bh1 1/2-1/2

[Event "Heimbach Weis op"]
[Site "Heimbach Weis"]
[Date "2002.03.25"]
[Round "4"]
[White "Uhl, Benjamin"]
[Black "Mattern, Markus"]
[Result "1/2-1/2"]
[WhiteElo "2010"]
[BlackElo "2011"]
[PlyCount "55"]
[EventDate "2002.03.22"]
[EventType "swiss"]
[EventRounds "9"]
[EventCountry "GER"]
[SourceTitle "EXT 2007"]
[Source "ChessBase"]
[SourceDate "2006.11.23"]
[SourceVersion "1"]
[SourceVersionDate "2006.11.23"]
[SourceQuality "1"]

1. c4 f5 2. Nf3 Nf6 3. Nc3 e6 4. g3 d5 5. cxd5 exd5 6. Bg2 c6 7. d4 Bd6 8. 0-0 0-0 9. a3 a5 10. Bd2 Nbd7 11. Qc2 Qe8 12. e3 Qh5 13. Ne2 Ne4 14. Nf4 Qh6 15. b4 Nxd2 16. Qxd2 Nf6 17. Nd3 Ne4 18. Qc2 g5 19. Nd2 Nxd2 20. Qxd2 f4 21. exf4 gxf4 22. Rfe1 axb4 23. axb4 Rxa1 24. Rxa1 Qg7 25. Ne1 fxg3 26. fxg3 Bg4 27. Nc2 Kh8 28. Rf1 1/2-1/2